Statistics for Enter Shikari Discography

Click here to take the quiz!

General Stats

  • This quiz has been taken 8 times
    (3 since last reset)
  • The average score is 13 of 27

Answer Stats

Type Year Name % Correct
Album2020Nothing Is True & Everything Is Possible
100%
Live Album2019Take to the Skies: Live in Moscow. May 2017
100%
Album2007Take to the Skies
100%
Album2009Common Dreads
100%
Album2017The Spark
100%
Album2012A Flash Flood of Colour
100%
Album2015The Mindsweep
100%
EP2013Rat Race
50%
Live Album2019Live at Alexandra Palace 2
50%
Live Album2016Live at Alexandra Palace
50%
Live EP2016Live & Acoustic at Alexandra Palace
50%
EP2015Covers
50%
Remix Album2015The Mindsweep: Hospitalised
50%
Live Album2012Live in London. W6. March 2012. - Bootleg Series Volume 4
50%
EP2003Sorry You're Not a Winner
50%
Live Album2011Live from Planet Earth - Bootleg Series Volume 3
50%
Compilation2010Tribalism
50%
Compilation2007The Zone
50%
Live Album2013Live in the Barrowland - Bootleg Series Volume 5
0%
Live EP2012Live in London NW5 2012
0%
Remix EP2012Rout Remixes
0%
Live Album2010Live at Rock City - Bootleg Series Volume 2
0%
Live Album2016Enter Shikari Live at Deezer
0%
Live Album2009Live at Milton Keynes - Bootleg Series Volume 1
0%
EP2017Live Slow. Die Old.
0%
EP2004Anything Can Happen in the Next Half Hour
0%
EP2003Nodding Acquaintance
0%

Score Distribution

Percentile by Number Answered

Percent of People with Each Score

Your Score History

You have not taken this quiz since the last reset